00637nam a2200145 a 450000100100000000500170001000800410002704000250006808200140009324500850010726000930019230000190028595201700030499900170047400003101620200930062643.0110610s1955 dr 000 0 spa d aDO-SdBNPbspacBNPHU axxxbH11600aHabla Juancito Rodríguez :bel títere analfabeto del comunismo en el caribe. aCiudad Trujillo, República Dominicana :bAsociación Pro-Democracia Americano,c1955. a9 p. ;c24 cm. 001050718RVaPDbPDcCTd2011-06-10iLF1l0oxxx H116p31016-10r2020-06-25w2020-06-25y1zPerteneció a la biblioteca personal de Martínez BoogZNo se presta c30508d30508